00920nam a22002537a 450000500170000001000130001702000210003003500130005103700160006404000120008008200180009210000260011024500830013626000560021927000630027530000280033850000450036665000290041165000160044070000250045694200270048199900190050895201390052720170124110156.0 aA-953368 c00.00a818731303 aA-953368 bCen Lib/Ret aDPLbEN a155.9042bNAG aNagendra, H. R935028 aNew perspectives in stress management /cby H. R. Nagendra [and] R. Nagarathna aBangalorebVivekananda Kendra Yoga Prakashanac1998 aNo. 19, Eknath Bhavan, Gavipuram CirclebBangaloree560019 a112p. :c21cm(Hb)bill. aIncludes bibliographical references  aStress management935029 aYoga935030 aNagarathna, R935031 2ddccENh155.9042mNAG c132540d132540 00104070aLbLd2015-07-22eCen Lib/Ret g0.00l1o155.9042 NAGpA-953368r2022-09-13 00:00:00s2022-08-30t1v0.00w2015-07-22yEN